Porovnanie metód merania rizika s aplikáciou na podmienky devízového trhu

Guardado en:
Detalles Bibliográficos
Autor principal: Laznia, Marcel
Formato: Capítulo de libro
Lenguaje:eslovaco
Etiquetas: Agregar Etiqueta
Sin Etiquetas, Sea el primero en etiquetar este registro!

MARC

LEADER 00000naa$a2200000$$$4500
001 0063647
005 20240502083152.8
041 0 |a slo 
044 |a CZ 
245 1 0 |a Porovnanie metód merania rizika s aplikáciou na podmienky devízového trhu  |c Marcel Laznia 
500 |a Len abstrakt anglicky a slovensky 
100 1 |a Laznia, Marcel